|
|
|
|
| LEADER |
00000cam a22000004a 4500 |
| 001 |
musev2_48593 |
| 003 |
MdBmJHUP |
| 005 |
20230905045042.0 |
| 006 |
m o d |
| 007 |
cr||||||||nn|n |
| 008 |
160811s2016 nhu o 00 0 eng d |
| 010 |
|
|
|z 2016037175
|
| 020 |
|
|
|a 9781611689990
|
| 020 |
|
|
|z 9781611689037
|
| 020 |
|
|
|z 1611689996
|
| 035 |
|
|
|a (OCoLC)956583997
|
| 040 |
|
|
|a MdBmJHUP
|c MdBmJHUP
|
| 100 |
1 |
|
|a Ward, Paula Reed,
|e author.
|
| 245 |
1 |
0 |
|a Death by Cyanide :
|b The Murder of Dr. Autumn Klein /
|c Paula Reed Ward.
|
| 264 |
|
1 |
|a Hanover :
|b ForeEdge,
|c 2016.
|
| 264 |
|
3 |
|a Baltimore, Md. :
|b Project MUSE,
|c 2016
|
| 264 |
|
4 |
|c ©2016.
|
| 300 |
|
|
|a 1 online resource (248 pages).
|
| 336 |
|
|
|a text
|b txt
|2 rdacontent
|
| 337 |
|
|
|a computer
|b c
|2 rdamedia
|
| 338 |
|
|
|a online resource
|b cr
|2 rdacarrier
|
| 505 |
0 |
|
|a Acknowledgments -- Prologue -- Saving one of their own -- Who was Autumn Klein? -- Who was Bob Ferrante? -- The investigation begins -- Ferrante becomes a suspect -- Life in Boston -- Life in Pittsburgh -- The arrest -- The fallout -- Legal wrangling -- The case begins -- The case against him -- Testing for cyanide -- The case for him -- Ferrante takes the stand -- The verdict -- The aftermath -- List of sources -- Index.
|
| 588 |
|
|
|a Description based on print version record.
|
| 600 |
1 |
7 |
|a Klein, Autumn.
|2 fast
|0 (OCoLC)fst01989077
|
| 600 |
1 |
0 |
|a Klein, Autumn.
|
| 650 |
|
7 |
|a Women
|x Crimes against.
|2 fast
|0 (OCoLC)fst01176618
|
| 650 |
|
7 |
|a Uxoricide.
|2 fast
|0 (OCoLC)fst01163389
|
| 650 |
|
7 |
|a Poisoning.
|2 fast
|0 (OCoLC)fst01068142
|
| 650 |
|
7 |
|a Murder victims.
|2 fast
|0 (OCoLC)fst01029809
|
| 650 |
|
7 |
|a SOCIAL SCIENCE
|x Criminology.
|2 bisacsh
|
| 650 |
|
6 |
|a Femmes
|x Crimes contre
|z Pennsylvanie
|z Pittsburgh.
|
| 650 |
|
6 |
|a Victimes d'homicide
|z Pennsylvanie
|z Pittsburgh.
|
| 650 |
|
6 |
|a Uxoricide
|z Pennsylvanie
|z Pittsburgh.
|
| 650 |
|
0 |
|a Women
|x Crimes against
|z Pennsylvania
|z Pittsburgh.
|
| 650 |
|
0 |
|a Poisoning
|z Pennsylvania
|z Pittsburgh.
|
| 650 |
|
0 |
|a Murder victims
|z Pennsylvania
|z Pittsburgh.
|
| 650 |
|
0 |
|a Uxoricide
|z Pennsylvania
|z Pittsburgh.
|
| 651 |
|
7 |
|a Pennsylvania
|z Pittsburgh.
|2 fast
|0 (OCoLC)fst01205171
|
| 655 |
|
7 |
|a Electronic books.
|2 local
|
| 710 |
2 |
|
|a Project Muse.
|e distributor
|
| 830 |
|
0 |
|a Book collections on Project MUSE.
|
| 856 |
4 |
0 |
|z Texto completo
|u https://projectmuse.uam.elogim.com/book/48593/
|
| 945 |
|
|
|a Project MUSE - Custom Collection
|
| 945 |
|
|
|a Project MUSE - 2016 Complete
|
| 945 |
|
|
|a Project MUSE - 2016 History
|